[Event "Africa-ch"]
[Site "Tripoli"]
[Date "2009.07.22"]
[Round "2"]
[White "Shabash, Abdullatief Mohamed"]
[Black "Gator, Mosab"]
[Result "1/2-1/2"]
[WhiteElo "2193"]
[BlackElo "2008"]
[PlyCount "122"]
[EventDate "2009.07.21"]
[EventType "swiss"]
[EventRounds "9"]
[EventCountry "LBY"]
[SourceTitle "CBM 131 Extra"]
[Source "ChessBase"]
[SourceDate "2009.09.03"]
[SourceVersion "2"]
[SourceVersionDate "2009.09.16"]
[SourceQuality "1"]

1. e4 c5 2. Nf3 Nc6 3. Nc3 Nf6 4. d4 cxd4 5. Nxd4 e5 6. Nxc6 bxc6 7. Bc4 Bb4 8. 0-0 0-0 9. Qd3 Qe7 10. a3 Bxc3 11. bxc3 d6 12. Bg5 h6 13. Bxf6 Qxf6 14. Rad1 Rd8 15. Qe3 g5 16. Rd3 Be6 17. Bxe6 Qxe6 18. Qd2 Rd7 19. Qe2 Rad8 20. h4 Qg6 21. Rg3 Kg7 22. Qe3 f6 23. f4 exf4 24. Rxf4 Re7 25. hxg5 hxg5 26. Rfg4 Kf8 27. Qd4 Rdd7 28. Rf4 Re5 29. Rxf6+ Qxf6 30. Rf3 Ke7 31. Rxf6 Kxf6 32. Qc4 c5 33. Qd3 d5 34. Qb5 Rde7 35. exd5 Rxd5 36. Qc6+ Ke5 37. c4 Rd1+ 38. Kh2 Re1 39. Qxc5+ Kf6 40. Qd6+ R1e6 41. Qd4+ Kf7 42. c5 Rc7 43. Qd5 Kf6 44. g4 Rec6 45. Qf5+ Kg7 46. Qxg5+ Kh8 47. Qd8+ Kg7 48. Kg3 Rxc5 49. Kh4 Rxc2 50. Qd4+ Kg8 51. Qd5+ Kg7 52. Qe5+ Kg8 53. g5 R2c4+ 54. Kh5 Rh7+ 55. Kg6 Rc6+ 56. Kf5 Rf7+ 57. Kg4 Rc4+ 58. Kg3 Rfc7 59. Qe6+ Kg7 60. Qf6+ Kg8 61. Qg6+ Kh8 1/2-1/2

[Event "Africa-ch"]
[Site "Abuja"]
[Date "2003.10.10"]
[Round "1"]
[White "Aderito, Pedro"]
[Black "Shabash, Abdullatief Mohamed"]
[Result "0-1"]
[WhiteElo "2285"]
[BlackElo "2161"]
[PlyCount "98"]
[EventDate "2003.10.10"]
[EventType "swiss"]
[EventRounds "9"]
[EventCountry "NGR"]
[SourceTitle "CBM 096 Extra"]
[Source "ChessBase"]
[SourceDate "2003.10.22"]
[SourceVersion "2"]
[SourceVersionDate "2003.10.20"]
[SourceQuality "1"]

1. Nf3 Nf6 2. c4 g6 3. Nc3 Bg7 4. e4 d6 5. d4 0-0 6. Be2 e5 7. 0-0 Nc6 8. d5 Ne7 9. b4 a5 10. Ba3 Nd7 11. bxa5 Rxa5 12. Bb4 Ra8 13. a4 b6 14. a5 bxa5 15. Bxa5 Ba6 16. Ra3 Nc8 17. Qa1 Bb7 18. Rb1 Ncb6 19. Nd2 f5 20. Nb5 Bh6 21. Nb3 fxe4 22. Be1 e3 23. f3 Rxa3 24. Qxa3 e4 25. N3d4 exf3 26. Nxf3 Nc5 27. Qa5 Ba6 28. Bb4 Bxb5 29. Qxb5 Ne4 30. Qc6 Nd2 31. Rd1 Nxf3+ 32. gxf3 Bf4 33. Be1 Qg5+ 34. Kh1 Qe5 35. c5 Qb2 36. Qb5 Qxb5 37. Bxb5 dxc5 38. Kg2 c6 39. Bxc6 h5 40. h4 Kg7 41. Bg3 Kf6 42. Rd3 Nxd5 43. Be8 Bxg3 44. Kxg3 Ke5 45. Bf7 Nf6 46. Bb3 Kf5 47. Kg2 Ne4 48. f4 Kxf4 49. Bf7 Ng3 0-1

[Event "Dubai op 03rd"]
[Site "Dubai"]
[Date "2001.04.15"]
[Round "1"]
[White "Neverov, Valeriy"]
[Black "Shabash, Abdullatief Mohamed"]
[Result "1-0"]
[WhiteElo "2562"]
[BlackElo "2240"]
[PlyCount "115"]
[EventDate "2001.04.15"]
[EventType "swiss"]
[EventRounds "9"]
[EventCountry "UAE"]
[SourceTitle "CBM 083"]
[Source "ChessBase"]
[SourceDate "2001.07.05"]
[SourceVersion "1"]
[SourceVersionDate "2001.07.05"]
[SourceQuality "1"]

1. d4 Nf6 2. c4 g6 3. Nf3 Bg7 4. g3 0-0 5. Bg2 d5 6. cxd5 Nxd5 7. 0-0 Nc6 8. e4 Nb6 9. d5 Ne5 10. Nxe5 Bxe5 11. Nc3 Bg7 12. a4 e6 13. a5 Nc4 14. Qc2 Nd6 15. dxe6 Bxe6 16. f4 c6 17. Rd1 Qe7 18. e5 Nb5 19. Nxb5 cxb5 20. Be3 Rac8 21. Qf2 a6 22. Rac1 Rfd8 23. Rxd8+ Qxd8 24. Rxc8 Bxc8 25. Qc2 Bf5 26. Qd2 Qc8 27. Qc3 Bf8 28. Qxc8 Bxc8 29. Bd5 Bb4 30. Bb6 Kf8 31. Kf2 Ke7 32. Ke3 Ke8 33. Kd4 Be1 34. Bf3 h5 35. Kd3 Bb4 36. Bd5 Bf5+ 37. Kd4 Bc8 38. Bg2 Be1 39. Kd5 Bb4 40. Kd4 Be1 41. Bd5 Bf2+ 42. Kd3 Be1 43. Bc7 Bb4 44. Kd4 Ke7 45. Bd6+ Bxd6 46. exd6+ Kxd6 47. Bxf7 Bf5 48. Bd5 Kc7 49. Kc5 Bc8 50. Be4 Bf5 51. Bxf5 gxf5 52. Kd5 b6 53. axb6+ Kxb6 54. Ke5 a5 55. Kxf5 a4 56. Ke4 Kc5 57. Kd3 Kb4 58. f5 1-0